F.R.I.E.N.D.S {1} - Statistics

General Stats
  • This quiz has been taken 223 times
  • The average score is 18 of 21
Answer Stats
Hint Answer % Correct
Who did Monica marry? Chandler Bing
98%
How many times did Ross get divorced? Three times
98%
How many sisters did Joey have? Seven
96%
What were the two birds Joey and Chandler had in their apartment? Chick and Duck
95%
What was the name of Ross and Rachel's baby? Emma
95%
Who did Phoebe marry? Mike Hannigan
95%
Why did Ross' first marriage end? She was a lesbian
95%
What was the name of Ross' monkey? Marcel
92%
What was the name of Joey's character in "Days of Our Lives"? Dr. Drake Ramoray
91%
What was Rachel wearing in the pilot? A wedding dress
90%
Who was Joey's agent? Estelle
89%
What were the names of the triplets Phoebe gave birth to? Leslie, Frank Jr. Jr. and Chandler
88%
What was Chandler's middle name? Muriel
88%
And what were the names of their children? Erica and Jack
86%
What was the name of Rachel and Monica's neighbour who died? Mr. Heckles
83%
What was Chandler dressed as in "The One with the Halloween Party? A pink and white bunny
81%
What was Phoebe's alter-ego? Regina Phalange
79%
And what was Ross dressed as? Spudnik
78%
What actor portrayed Mike? Paul Rudd
77%
What was Chandler's job before he switched to advertising? Statistical analysis and data reconfiguration
61%
Rachel bought a cat in "The One with the Ball". What did she call it? Mrs. Whiskerson
49%
No matching quizzes found
Score Distribution
Percent of People with Each Score
Percentile by Number Answered
Your Score History
You have not taken this quiz